000 00558nam a22001457a 4500
008 230627b |||||||| |||| 00| 0 eng d
040 _aNational Science Library
_cNational Science Library
080 _a378.4(943)(075.5)
_bJ5
245 _aDepartment of external studies:
_bHandbooks regulations, details of courses, and Information for students
_c/ The University of Queenland Press
260 _aBrisbane:
_bThe University of Queenland Press,
_c1954
300 _a26p.
490 _aUniversity of Queensland
650 _aScience
942 _2udc
_cHDK
999 _c47596
_d47596